[Event "Gordon Hoskyn Memorial 4th"]
[Site "Palmerston North"]
[Date "2011.12.10"]
[Round "2"]
[White "Smith, Christopher"]
[Black "Cooze, Brent"]
[Result "1-0"]
[WhiteElo "1879"]
[BlackElo "1642"]
[PlyCount "56"]
[EventDate "2011.12.10"]
[EventType "swiss (rapid)"]
[EventRounds "6"]
[EventCountry "NZL"]
[SourceTitle "EXT 2018"]
[Source "ChessBase"]
[SourceDate "2017.10.13"]
[SourceVersion "1"]
[SourceVersionDate "2017.10.13"]
[SourceQuality "1"]

1. e4 e5 2. Nc3 Nf6 3. f4 Bb4 4. fxe5 Ng8 5. Nf3 d6 6. exd6 Qxd6 7. Bc4 Nc6 8. 0-0 Qc5+ 9. Kh1 Qxc4 10. d3 Qc5 11. Nd5 Ba5 12. c3 Be6 13. b4 Nxb4 14. cxb4 Bxb4 15. Qa4+ b5 16. Qxb4 Qxb4 17. Nxb4 0-0-0 18. Bb2 f6 19. d4 Bc4 20. Rfc1 a5 21. Nc6 Rd6 22. Nxa5 Be2 23. Rc5 Ne7 24. Rac1 Bc4 25. Nxc4 bxc4 26. R5xc4 c6 27. d5 Kc7 28. Nd4 Rb8 1-0